000 01813nam a2200265Ia 4500
008 260220t1996||||xx |||||||||||||| ||spa||
020 _a8436218345
040 _aPY-SlUNAC
_bspa
_erda
041 _aspa
082 _a150
_bM792m
100 _aMorales Dominguez, Jose F.
_eAutor
245 0 _aMetodología de la psicología /
_cpor Jose F. Morales Dominguez [Autor]
264 _aMadrid :
_bUNED,
_c℗1996.
300 _a1 volumen
490 _a
_vvolumen 2
520 _aEn "Metodología de la psicología", José F. Morales Domínguez presenta un análisis exhaustivo de los métodos y enfoques utilizados en la investigación psicológica. El autor aborda la importancia de la metodología como herramienta fundamental para la validación de teorías y la obtención de conocimiento en el campo de la psicología. A través de una revisión crítica, se examinan los métodos cuantitativos y cualitativos, destacando sus ventajas y limitaciones. Morales Domínguez también discute la ética en la investigación psicológica, enfatizando la necesidad de un compromiso con la integridad y el respeto hacia los sujetos de estudio. Además, el libro incluye ejemplos prácticos y estudios de caso que ilustran la aplicación de diferentes metodologías en contextos reales. Con un enfoque claro y accesible, esta obra se convierte en un recurso valioso tanto para estudiantes como para profesionales interesados en profundizar en los fundamentos metodológicos que sustentan la práctica psicológica y la investigación en esta disciplina.
653 _aInvestigación social
653 _aMetodología
653 _aPsicología
942 _b2026/02/17
_cBK
999 _c6751
_d6751